00376 2200145 4500245004200000020002200042100001900064650002300083005001900106260003700125041001400162084001000176490003500186336000900221 aIkan dan AmfibicA. Ari DartoyohText a978-602-7705-05-7 aA. Ari Dartoyo aEnsiklopedia Hewan a20231031130614 aJakartabIndonesia Printerc2012 aIndonesia a590.3 aEnsiklopedia Sains Spektakuler atext